MDQL
is popping MORE tags! Check the
thread
!
Quizzes
Events
Quiz Creation
Community
Videos
Private Events
Remove Ads
Sign In
Join for FREE
Feedback
Dark Mode
Quiz Categories
Sports
Geography
Music
Movies
Television
Just For Fun
Miscellaneous
History
Literature
Language
Science
Gaming
Entertainment
Religion
Holiday
For Kids
Quiz Lab
Recent
Popular Today
Quiz Kudos Today
Editor Picks
Curator Picks
Quizzes by...
Day
Popularity
Type
Ratings
Length
Year
Community
Subscriptions
Recent Discussions
Orange Saloon
Badges
Playlists
Quests
Create
Leaderboards
Showdown
Live 5
Trivia Bingo
Activity
Puzzle Library
Sporcle Events
Private Events
Virtual Trivia
Globe League
Become a Host
Pub Owners
SporcleCon
Opinionation
Our Games
Videos
Blog
Mobile Apps
Partnerships
Remove Ads and Go Orange
Feedback
Miscellaneous
Crossword
General Knowledge
Baby Names
Logo
Food
Cars
Numbers
Grab Bag
University
College
Popular
Company
Slogans
Restaurants
Justice
Letter
Miscellaneous
Crossword
General Knowledge
Baby Names
Logo
Food
Cars
Numbers
Grab Bag
University
College
Popular
Company
Slogans
Restaurants
Justice
Letter
Random Quiz
Search Sporcle
×
Quiz Lab
Quiz Lab
Miscellaneous
test
Click on answers out of a set of options
Click on answers out of a set of options
Multiple Choice
Best Score? Go Orange.
ANNABEL SUPREMO Stats
Test your random Annabel knowledge
By
bellnbubberson
20m
20 Questions
22 Plays
22 Plays
22 Plays
Comments
Comments
Give Quiz Kudos
Give Quiz Kudos
-
- Ratings
hide this ad
More Info
Random Order
Randomize order of answers
Randomize order of answers
Replay
Link that replays current quiz
Next Quiz
Link to next quiz in quiz playlist
You Got
0%
They Got
Avg Score
46%
Avg Friend Score
Upgrade to see
Score Distribution
Jump to the score distribution portion of the page
Score
0/20
Timer
20:00
0
Plays Today
Question
Answer
Wrong Answers
Does Annabel bite her nails
Like a mad cow
83.3%
No
11.1%
Does Annabel always smell really yummy like a happy rainbow and a pleasant playful unicorn had a baby and then separated it with a yummy scent?
Yes
83.3%
Does Annabel have some pretty nice hairs or what
Yeah mon
70.6%
No mon
17.6%
Where does annabel spend most of her time
Tara's house
66.7%
School
0%
Her house
5.6%
Swimming
16.7%
(((THIS IS EASY))) what's annabels middle name?
Esme
63.6%
Chalup
13.6%
Eggplant
9.1%
Tara
4.5%
How is Rondalupe associated with annabel
Cousin
63.6%
Husband
9.1%
Dog
9.1%
Uncle
9.1%
Can Annabel sing
Like a goat
63.6%
Like a cow
9.1%
Like a sheep
0%
Like a rusted chair
13.6%
Who does Annabel like to spend time with most
Talen
63.6%
Guthrie
4.5%
Arjun
13.6%
Krish
4.5%
What sport has annabel NOT done in the past
Water polo
61.1%
Swimming
5.6%
Soccer
16.7%
Ballet
5.6%
What's Franco's middles name ?
Bubberson
61.1%
Edward
5.6%
Fredrick
11.1%
Harold
11.1%
What's annabels faveorite candy
Airheads extreme ropes
54.5%
Nerds rope
4.5%
Twizzlers ropes
18.2%
Gummy bear ropes
9.1%
Which colored contacts does annabel like best
Green
50%
Blue
22.7%
Brown
13.6%
Turquoise
13.6%
How does Annabel feel about babies
DANG THEY CUTE
50%
Ew gross
16.7%
Boring
5.6%
Too bald
16.7%
What does Annabel want to be when she grows up (if she ever does)
Plastic surgeon
50%
Dentist
11.1%
Mechanic
16.7%
Housewife
16.7%
What is annabels faveorite candy store?
Sugarfina
38.9%
Dylan's candy store
5.6%
Sweeties pop shop
27.8%
The gas station
16.7%
How many foster dogs has Annabel ever had in her life (even the ones she adopted count)
5
31.8%
3
0%
6
27.3%
7
27.3%
What's annabels faveorite pastime
Face timing
27.3%
Cuddling puppies
13.6%
Stalking Tara
18.2%
Drawing pictures of Genevieve
27.3%
Is annabel gorgeous?
Incredibly
22.2%
Immeasurably
11.1%
Undeniably
0%
Heck to the yes
50%
How much water does annabel drink per day
65 oz
22.2%
55 oz
5.6%
75 oz
44.4%
45 oz
11.1%
How far away does Annabel live from school
15 minutes
11.8%
10 minutes
47.1%
20 minutes
11.8%
5 minutes
11.8%
Quiz Playlist
Details
Report
Send in Message
Add To Playlist
More Info:
How well do you really know Annabel huuuuuuuuuuuuuuuuuuuuuuuuuuh
Multiple Choice:
Click on answers out of a set of options
Random Order:
Randomize order of answers
Quiz Source
Last Updated: Feb 16, 2017
Quiz Scoreboard
CHALLENGE
Sign Up to Join the Scoreboard
Show All
Scores
Hide
Comments
May contain spoilers
Recently Published
Find the 'City' Movie
by crazypaving
Movies
60s
5x2 Blitz: Bands
by SL_Kpop136
Music
30s
Colored Red Africa Blitz
by spor1
Geography
30s
More to Explore
Quiz From the Vault
Featured Blog Post
14 Easter Pick-up Lines to Find Eggs With
hide this ad
You Might Also Like...
Tags
test
Today's Top Quizzes in Miscellaneous
Browse Miscellaneous
hide this ad
Today's Top Quizzes in test
Browse test
Top Contributed Quizzes in Miscellaneous
1
The JOE quick-fire general knowledge quiz: Day 174
2
5-to-1: Fast Food
3
9x9 Crossword: Disney Movie Titles
4
9x9 Crossword: Charlie and the Chocolate Factory
5
9x9 Crossword: Actors
6
9x9 Crossword: 2022 Movies
7
9x9 Crossword: The Simpsons
8
9x9 Crossword: Pixar Movie Titles
9
The JOE quick-fire general knowledge quiz: Day 173
10
9x9 Crossword: Flags
Explore More
Trending Topics
Crossword
Marvel
Harry Potter
NBA
Kpop
Disney
Anime
Song
The Office
NFL
Puzzle
WWE
Soccer
Pokémon
Country
hide this ad
More By:
bellnbubberson
Quiz
Plays
Rating
Category
Featured
Created
ANNABEL SUPREMO
22
Miscellaneous
Jan 6, 2017
parrish is raddish
13
1.00
Miscellaneous
May 16, 2017
Go to Creator's Profile
Score Distribution
Quiz Creator Spotlight
bellnbubberson
Follow
Send a Message
Quizzes Created
-
Created Quiz Play Count
-
More By This Creator
Popular Quizzes Today
1
Colored Red Africa Blitz
2
Find the 'City' Movie
3
Find the US States - No Outlines Minefield
4
5x2 Blitz: Bands
5
The Countries of the World
6
Find the US States
7
US States
8
Find the Countries of Europe - No Outlines Minefield
More Miscellaneous Quizzes
'R' First Names
Published
Trending Quizzes
Colored Red Europe Blitz I
Colored Red Africa Blitz II
Colored Red Europe Blitz II
Colored Red Europe Blitz III
Colored Red Africa Blitz III
Recently Updated
How Do You Spell That?
pecheneg
Godzilla Movies
pecheneg
Grab Bag: 4-10 Letters
pecheneg
2024 March Madness Bracket
pecheneg
Famous TV Couples
Peacemaker
Champions League XIs: Real Madrid
pecheneg
Largest US Cities 1790-2010
pecheneg
Rides in Walt Disney World
pecheneg
Most Oscar Losses (Acting)
pecheneg
Beyoncé Albums
pecheneg
Trending Topics
NBA
Anime
Disney
Marvel
Crossword
Harry Potter
Kpop
WWE
Pokémon
Country
Soccer
The Office
NFL
Puzzle
Song
Your Account Isn't Verified!
In order to create a playlist on Sporcle, you need to verify the email address you used during registration. Go to your
Sporcle Settings
to finish the process.
Report this User
Report this user for behavior that violates our
Community Guidelines
.
Details:
Send Report
Go to the Sporcle.com Mobile Site →
Comments